000 01546nam a2200217Ia 4500
999 _c40388
_d40388
003 OSt
005 20210213111712.0
008 160316s2014 xxu||||| |||| 00| 0 eng d
020 _a9789353881511
040 _cN
082 _a342.087800
_bKAN
100 _aKannabiran Kalpana
245 _aWomen and law : Critical feminist perspectives
260 _aNew Delhi
_bSage Publications
_c2014
300 _a305p
_cxv
365 _b Rs. 995
505 _aContent: Preface; Introduction Indira Jaising; Bringing Rights Home: Review of the Campaign for a Law on Domestic Violence Flavia Agnes; Conjugality, Property, Morality and Maintenance Sagari R Ramdas; Women, Forest spaces and the Law: Transgressing the Boundaries Meera Velayudhan; Women’s Rights and Entitlements to Land in South Asia: Changing Forms of Engagements Padmini Swaminathan; Outside the Realm of Protective Legislation: The Saga of Unpaid Work in India D Nagasaila; Gender Equality at Workplace: A Frozen Agenda Kalpana Kannabiran; Judicial Meanderings in Patriarchal Thickets: Litigating Sex Discrimination in India Shruti Pandey; Women’s Health and Law in India: Trends of Hope and Despair Anita Ghai and Rachana Johri; Prenatal Diagnosis: Where Do We Draw the Line? Zoya Hasan; Religion, Feminist Politics and Muslim Women’s Rights in India Anita Tiphagne; Women and State Violence: Where Is Justice; Index
650 _a1. Women - Legal Status2. Women Rights - India3. Feminism - Feminist Jurisprudence
700 _a
_a
942 _2ddc
_cBK